Spôsob nakladania s dovoznými depozitami zostáva nedoriešený

Ukladanie povinných depozít na neúročených účtoch v komerčných bankách na dobu pol roka - povinnosť pre dovozcov potravín a spotrebného tovaru. Nedoriešenosť spôsobu nakladania s uloženými depozitami. Depozitá sa premietnu do zvýšenia cien zahraničného tovaru. Ochota slovenských komerčných bánk posk...

Ausführliche Beschreibung

Gespeichert in:
Bibliographische Detailangaben
1. Verfasser: Švec, P.
Format: Buchkapitel
Sprache:Slowakisch
Schlagworte:
Tags: Tag hinzufügen
Keine Tags, Fügen Sie das erste Tag hinzu!

MARC

LEADER 00000naa a2200000 4500
001 r026464
005 20230921080340.9
041 0 |a slo 
044 |a SK 
245 1 0 |a Spôsob nakladania s dovoznými depozitami zostáva nedoriešený  |c P. Švec 
520 |a Ukladanie povinných depozít na neúročených účtoch v komerčných bankách na dobu pol roka - povinnosť pre dovozcov potravín a spotrebného tovaru. Nedoriešenosť spôsobu nakladania s uloženými depozitami. Depozitá sa premietnu do zvýšenia cien zahraničného tovaru. Ochota slovenských komerčných bánk poskytnúť úvery na pokrytie depozít. 
610 2 0 |a dovoz 
610 2 0 |a depozitum dovozné 
610 2 0 |a banky obchodné 
610 2 0 |a úver bankový 
610 2 0 |a ceny 
610 2 0 |a potraviny 
610 2 0 |a tovar spotrebný 
610 2 0 |a Slovensko 
100 1 |a Švec, P.